| 000 | 00609nam a2200205 i 4500 | ||
|---|---|---|---|
| 001 | 78863 | ||
| 003 | ES-MaACL | ||
| 005 | 20230906173834.0 | ||
| 007 | t| | ||
| 008 | 041018s1960 sp af |||| | spa d | ||
| 100 | 1 |
_aHayten, Peter J. _962217 |
|
| 245 | 1 | 3 |
_aEl color en arquitectura y decoración / _cPeter J. Hayten. |
| 260 |
_aBarcelona : _bL.E.D.A., _c[1960] ( _fDelriu) |
||
| 300 |
_a112 p., 4 lám. col. : _bil. ; _c25 cm. |
||
| 490 | 1 | _aColor en todo | |
| 650 | 4 |
_aColor en decoración interior. _9151449 |
|
| 830 | 0 |
_aColor en todo _9183613 |
|
| 852 |
_aES-MaACL _jC-18435 |
||
| 999 |
_c78863 _d78863 |
||